[Event "Otocec Krka Terme op"]
[Site "Otocec"]
[Date "2015.11.20"]
[Round "1"]
[White "Trebizan, David"]
[Black "Petkovic, Ana Marija"]
[Result "1-0"]
[WhiteElo "1917"]
[BlackElo "1258"]
[PlyCount "175"]
[EventDate "2015.11.20"]
[EventType "swiss"]
[EventRounds "5"]
[EventCountry "SLO"]
[SourceTitle "EXT 2019"]
[Source "ChessBase"]
[SourceDate "2018.10.10"]
[SourceVersion "1"]
[SourceVersionDate "2018.10.10"]
[SourceQuality "1"]

1. e4 e5 2. Nf3 Nc6 3. Bc4 Nf6 4. d3 Bc5 5. c3 a6 6. Nbd2 d6 7. h3 Be6 8. Bb3 d5 9. Ng5 h6 10. Nxe6 fxe6 11. Qe2 0-0 12. 0-0 Qd6 13. Bc2 Ba7 14. Nb3 Rf7 15. Be3 d4 16. Bd2 Raf8 17. c4 Kh7 18. Bd1 Qe7 19. a3 Bb6 20. Qe1 Qd6 21. Rc1 Qe7 22. Be2 Ba7 23. Na1 Nd8 24. b4 c5 25. Nb3 b6 26. Qd1 Nb7 27. Qc2 Rc8 28. Ra1 Qd7 29. g3 Qa4 30. Nxd4 Qd7 31. Nb3 Qa4 32. Qb2 Nd7 33. Kg2 Qc6 34. bxc5 Nbxc5 35. Be3 Nxb3 36. Qxb3 Rb8 37. Rfb1 Nc5 38. Qc2 Rd8 39. a4 Qd6 40. Rd1 Qc6 41. f3 Rfd7 42. Bf2 Kh8 43. a5 bxa5 44. Rxa5 Rb8 45. Raa1 Rdb7 46. Rdb1 Rxb1 47. Rxb1 Rxb1 48. Qxb1 Qb6 49. Qa1 Qd6 50. Qc3 Qc7 51. d4 Nd7 52. dxe5 Bxf2 53. Kxf2 Nxe5 54. c5 a5 55. Bb5 a4 56. Bxa4 Qxc5+ 57. Qxc5 Nd3+ 58. Ke3 Nxc5 59. Bb5 e5 60. f4 exf4+ 61. gxf4 Ne6 62. Bc4 Nc7 63. Bf7 Nb5 64. e5 Kh7 65. f5 h5 66. Ke4 h4 67. Kd5 Nc3+ 68. Kc6 Ne4 69. Bd5 Ng3 70. e6 Nxf5 71. Be4 g6 72. Bxf5 Kg7 73. Bxg6 Kf6 74. Kd7 Kxg6 75. e7 Kf5 76. e8Q Kf4 77. Qg6 Ke5 78. Qg4 Kd5 79. Qxh4 Ke5 80. Qg5+ Ke4 81. Kd6 Kf3 82. Qg4+ Kf2 83. Ke5 Ke3 84. Qg3+ Ke2 85. Ke4 Kd1 86. Qf2 Kc1 87. Kd3 Kb1 88. Kc3 1-0

[Event "GER CM01-B email"]
[Site "GER email"]
[Date "2014.09.25"]
[Round "?"]
[White "Trebizan, David"]
[Black "Lucki, Stanislaw"]
[Result "1/2-1/2"]
[WhiteElo "2250"]
[BlackElo "2327"]
[PlyCount "64"]
[EventDate "2014.??.??"]
[EventType "tourn (corr)"]
[EventRounds "12"]
[EventCountry "GER"]
[SourceTitle "Corr 2017"]
[Source "ChessBase"]
[SourceDate "2017.09.19"]
[SourceVersion "1"]
[SourceVersionDate "2017.09.19"]
[SourceQuality "1"]

1. d4 Nf6 2. c4 e6 3. Nc3 Bb4 4. e3 0-0 5. Bd3 d5 6. Nf3 c5 7. 0-0 Nc6 8. a3 Bxc3 9. bxc3 Qc7 10. Bb2 Na5 11. cxd5 exd5 12. Ne5 c4 13. Bc2 Ne4 14. f3 Nd6 15. a4 f6 16. Ba3 Re8 17. f4 Ne4 18. Bxe4 dxe4 19. Qh5 Be6 20. f5 Bf7 21. Nxf7 Qxf7 22. Qe2 Kh8 23. Rf4 Rab8 24. Rh4 h6 25. Rb1 Kh7 26. Rb5 b6 27. Rf4 a6 28. Rb4 Qd7 29. Rf1 Rec8 30. h3 b5 31. axb5 axb5 32. Rb2 Nc6 1/2-1/2

[Event "GER CM01-B email"]
[Site "GER email"]
[Date "2014.09.25"]
[Round "?"]
[White "Trebizan, David"]
[Black "Mislin, Roger"]
[Result "1/2-1/2"]
[WhiteElo "2250"]
[BlackElo "2343"]
[PlyCount "51"]
[EventDate "2014.??.??"]
[EventType "tourn (corr)"]
[EventRounds "12"]
[EventCountry "GER"]
[SourceTitle "Corr 2017"]
[Source "ChessBase"]
[SourceDate "2017.09.19"]
[SourceVersion "1"]
[SourceVersionDate "2017.09.19"]
[SourceQuality "1"]

1. d4 f5 2. g3 Nf6 3. Bg2 g6 4. Nf3 Bg7 5. 0-0 0-0 6. c4 d6 7. Nc3 Qe8 8. b3 e5 9. dxe5 dxe5 10. e4 Nc6 11. Ba3 Rf7 12. Bb2 h6 13. Qe2 fxe4 14. Nxe4 Nxe4 15. Qxe4 Bf5 16. Qe3 e4 17. Nd4 Rd8 18. Nxc6 Rd3 19. Qe2 Bxb2 20. Qxb2 Qxc6 21. Qe2 Qd6 22. Bxe4 Rd2 23. Qf3 Bxe4 24. Qxe4 Kg7 25. Qe3 c5 26. Qc3+ 1/2-1/2

[Event "SLO-CupT"]
[Site "Slovenia"]
[Date "2011.09.04"]
[Round "5"]
[White "Urisek, Mitja"]
[Black "Trebizan, David"]
[Result "1/2-1/2"]
[WhiteElo "2036"]
[BlackElo "1562"]
[PlyCount "61"]
[EventDate "2011.03.06"]
[EventType "team-swiss"]
[EventRounds "5"]
[EventCountry "SLO"]
[SourceTitle "EXT 2019"]
[Source "ChessBase"]
[SourceDate "2018.10.10"]
[SourceVersion "1"]
[SourceVersionDate "2018.10.10"]
[SourceQuality "1"]
[WhiteTeam "Zalec"]
[BlackTeam "Caven Ajdovscina"]
[WhiteTeamCountry "SLO"]
[BlackTeamCountry "SLO"]

1. d4 d5 2. e3 Nf6 3. c4 e6 4. a3 Nbd7 5. Nf3 c6 6. Nc3 Bd6 7. c5 Bc7 8. b4 Qe7 9. Bb2 0-0 10. Be2 Re8 11. 0-0 e5 12. dxe5 Nxe5 13. Na2 Ne4 14. Bxe5 Bxe5 15. Nxe5 Qxe5 16. Bd3 Bf5 17. Qc2 Bg6 18. Rad1 a5 19. Qb3 Bh5 20. f3 Ng5 21. Rde1 Qe7 22. Nc3 Bg6 23. Bxg6 hxg6 24. e4 dxe4 25. Nxe4 Nxe4 26. Rxe4 Qc7 27. Rfe1 Rxe4 28. Rxe4 axb4 29. axb4 Qd7 30. h3 Re8 31. Rxe8+ 1/2-1/2